Na kole přes hranice Česka / (Záznam č. 34161)

Podrobnosti MARC
000 -Návěští
Řídící pole kódované 24B 02746nam a2200673 i 4500
001 - Kontrolní číslo
Řídící pole proměnné nkc20233517490
003 - Identifikátor kontrolního čísla
Řídící pole proměnné CZ PrSKC
005 - Datum posledního zpracování
Řídící pole 16B 20260415090042.0
007 - Pole pevné délky pro fyzický popis
Řídící pole kódované ta
008 - Údaje pevné délky
Řídící pole kódované 40B 230425s2023 xr ab e f 000 0 cze
020 ## - ISBN
ISBN 9788024291772
040 ## - Zdroj katalogizace-agentura
Agentura původní katalogizace BOA001
Jazyk katalogizace cze
Agentura upravující záznam ABA001
Použitá pravidla popisu rda
072 #7 - Kód předmětové kategorie - Konspekt
Předmětová kategorie 913(4)
Zpřesnění předmětové kategorie Geografie Evropy, reálie, cestování
Zdroj předmětové klasifikace Konspekt
080 ## - MDT
Klasifikační znak MDT 796.61
Idetifikátor vydání MDT MRF
080 ## - MDT
Klasifikační znak MDT 796.6:625.7
Idetifikátor vydání MDT MRF
080 ## - MDT
Klasifikační znak MDT 913:338.483.1
Idetifikátor vydání MDT MRF
080 ## - MDT
Klasifikační znak MDT 913(1-192)
Idetifikátor vydání MDT MRF
080 ## - MDT
Klasifikační znak MDT 913(437.3)
Idetifikátor vydání MDT MRF
080 ## - MDT
Klasifikační znak MDT 913(438)
Idetifikátor vydání MDT MRF
080 ## - MDT
Klasifikační znak MDT 913(437.6)
Idetifikátor vydání MDT MRF
080 ## - MDT
Klasifikační znak MDT 913(436)
Idetifikátor vydání MDT MRF
080 ## - MDT
Klasifikační znak MDT 913(430)
Idetifikátor vydání MDT MRF
080 ## - MDT
Klasifikační znak MDT (4-191.2)
Idetifikátor vydání MDT MRF
080 ## - MDT
Klasifikační znak MDT (437.3)
Idetifikátor vydání MDT MRF
080 ## - MDT
Klasifikační znak MDT (438)
Idetifikátor vydání MDT MRF
080 ## - MDT
Klasifikační znak MDT (437.6)
Idetifikátor vydání MDT MRF
080 ## - MDT
Klasifikační znak MDT (436)
Idetifikátor vydání MDT MRF
080 ## - MDT
Klasifikační znak MDT (430)
Idetifikátor vydání MDT MRF
080 ## - MDT
Klasifikační znak MDT (036)796.61
Idetifikátor vydání MDT MRF
100 1# - Hlavní záhlaví - osobní jméno autora
Osobní jméno Paulík, Ivo,
Datumy související se jménem 1975-
Kód role aut
9 (RLIN) 20190
245 10 - Údaje o názvu
Název Na kole přes hranice Česka /
Údaj o odpovědností, atd. Ivo Paulík
250 ## - Údaje o vydání
Označení vydání Vydání první
264 #1 - Nakladatelské údaje
Místo vydání Praha :
Nakladatel Euromedia Group,
Rok vydání 2023
300 ## - Fyzický popis
Rozsah 159 stran :
další fyzické údaje barevné ilustrace, mapy ;
Rozměry 25 cm
490 1# - Údaje o edici
Údaje o edici Universum
520 2# - Anotace
Anotace, atd. Trasy z celého příhraničí Česka vás zavedou ke všem našim sousedním státům, tedy do Polska, na Slovensko, do Rakouska i Německa.
Rozšířený text anotace S tímto průvodcem dojedete na hezká místa hned za našimi hranicemi i na ta o něco vzdálenější a v knize naleznete trasy navržené pro méně i více zdatné cyklisty, pro cestovní, krossová i horská kola, ale i pro rodiny s dětmi. Nakladatelská anotace. Kráceno.
650 07 - Vedlejší věcné záhlaví - věcné téma
Věcné téma cykloturistika
Geografické zpřesnění Evropa střední
Zdroj záhlaví nebo termínu czenas
9 (RLIN) 20626
650 07 - Vedlejší věcné záhlaví - věcné téma
Věcné téma cyklistické trasy
Geografické zpřesnění Evropa střední
Zdroj záhlaví nebo termínu czenas
9 (RLIN) 20627
650 07 - Vedlejší věcné záhlaví - věcné téma
Věcné téma turistické zajímavosti
Geografické zpřesnění Evropa střední
Zdroj záhlaví nebo termínu czenas
9 (RLIN) 20628
650 07 - Vedlejší věcné záhlaví - věcné téma
Věcné téma pohraničí
Geografické zpřesnění Česko
Zdroj záhlaví nebo termínu czenas
9 (RLIN) 8598
650 09 - Vedlejší věcné záhlaví - věcné téma
Věcné téma bicycle touring
Geografické zpřesnění Europe, Central
Zdroj záhlaví nebo termínu eczenas
9 (RLIN) 20629
650 09 - Vedlejší věcné záhlaví - věcné téma
Věcné téma cycling routes
Geografické zpřesnění Europe, Central
Zdroj záhlaví nebo termínu eczenas
9 (RLIN) 20630
650 09 - Vedlejší věcné záhlaví - věcné téma
Věcné téma tourist sights
Geografické zpřesnění Europe, Central
Zdroj záhlaví nebo termínu eczenas
9 (RLIN) 20631
650 09 - Vedlejší věcné záhlaví - věcné téma
Věcné téma border region
Geografické zpřesnění Czechia
Zdroj záhlaví nebo termínu eczenas
9 (RLIN) 8604
651 #7 - Vedlejší věcné záhlaví - geografické jméno
Geografické jméno Česko
Všeobecné zpřesnění reálie
Zdroj záhlaví nebo termínu czenas
9 (RLIN) 18726
651 #7 - Vedlejší věcné záhlaví - geografické jméno
Geografické jméno Polsko
Všeobecné zpřesnění reálie
Zdroj záhlaví nebo termínu czenas
9 (RLIN) 5202
651 #7 - Vedlejší věcné záhlaví - geografické jméno
Geografické jméno Slovensko
Všeobecné zpřesnění reálie
Zdroj záhlaví nebo termínu czenas
9 (RLIN) 20632
651 #7 - Vedlejší věcné záhlaví - geografické jméno
Geografické jméno Rakousko
Všeobecné zpřesnění reálie
Zdroj záhlaví nebo termínu czenas
9 (RLIN) 20633
651 #7 - Vedlejší věcné záhlaví - geografické jméno
Geografické jméno Německo
Všeobecné zpřesnění reálie
Zdroj záhlaví nebo termínu czenas
9 (RLIN) 20634
651 #9 - Vedlejší věcné záhlaví - geografické jméno
Geografické jméno Czechia
Všeobecné zpřesnění description and travel
Zdroj záhlaví nebo termínu eczenas
9 (RLIN) 5163
651 #9 - Vedlejší věcné záhlaví - geografické jméno
Geografické jméno Poland
Všeobecné zpřesnění description and travel
Zdroj záhlaví nebo termínu eczenas
9 (RLIN) 5203
651 #9 - Vedlejší věcné záhlaví - geografické jméno
Geografické jméno Slovakia
Všeobecné zpřesnění description and travel
Zdroj záhlaví nebo termínu eczenas
9 (RLIN) 20635
651 #9 - Vedlejší věcné záhlaví - geografické jméno
Geografické jméno Austria
Všeobecné zpřesnění description and travel
Zdroj záhlaví nebo termínu eczenas
9 (RLIN) 20636
651 #9 - Vedlejší věcné záhlaví - geografické jméno
Geografické jméno Germany
Všeobecné zpřesnění description and travel
Zdroj záhlaví nebo termínu eczenas
9 (RLIN) 20637
655 #7 - Rejstříkový termín - žánr/forma
Žánr/forma či základní termín cykloturistické průvodce
-- 1425
655 #9 - Rejstříkový termín - žánr/forma
Žánr/forma či základní termín cycling guidebooks
-- 1427
910 ## - Údaje o vlastníkovi jednotky (exempláře)
Sigla vlastníka jednotky ABG508
Jednotky
Stav ztráty Zdroj klasifikace pro skladování Stav poškození
  Universal Decimal Classification  

Používáme knihovní systém Koha